| 000 | 01130nam a22002777a 4500 | ||
|---|---|---|---|
| 001 | BD-DhSAU 9278 | ||
| 003 | BD-DhSAU | ||
| 005 | 20260512114447.0 | ||
| 008 | 260512b2018 bg a|||| m||| 00| 0 eng d | ||
| 040 | _aBD-DhSAU | ||
| 082 |
_222 _a631.4 _bSh133 |
||
| 100 |
_aHIRA, SHAHEENA KHASRU _eRegistration # 17-07788 |
||
| 245 |
_aComparative effect of poultry manure and vermicompost with chemical fertilizers on the growth parameters and yield of potato (bari alu-25; asterix) / _bMS thesis |
||
| 260 |
_aSher-e-Bangla Agricultural University; _bDepartment of Soil Science, ; _c2024. |
||
| 300 |
_aix, 55p. : _bill. ; _c30 cm. |
||
| 500 | _aMS thesis of Department of Soil Science, ;, Faculty of Agriculture. Sher-e-Balgla Agricultural University Dhaka-1207 | ||
| 504 | _aIncludes bibliographical reference. | ||
| 590 | _aNazmul | ||
| 650 | _apoultry manure and vermicompost | ||
| 650 | _achemical fertilizers | ||
| 651 | _apotato (bari alu-25; asterix) | ||
| 700 |
_aProf. A.T.M. Shamsuddoha _eSuperviser |
||
| 710 |
_eCo-Superviser _aProf. Dr. Mohammad Mosharraf Hossain |
||
| 942 |
_2ddc _cTHESIS |
||
| 999 |
_c18381 _d18380 |
||